000 01166nam2a22002531 4500
001 RU\NLR\INFOCOMM31\1000046475
005 20250617061847.0
035 _a(NLR Aleph) 002516945
090 _a2729715
_c2729715
100 _a20040416d1955 |||y0rusy50 ca
101 0 _arus
102 _aRU
105 _ay |||||||||
200 1 _aМатематические методы теории массового обслуживания
_fА.Я. Хинчин
210 _d1955
_aБ. м.
461 0 _1001RU\NLR\INFOCOMM31\1000046422
_12001#$aТруды Математического института имени В.А. Стеклова$fАкад. наук СССР$v49
_92729281
_aМатематический институт им. В. А. Стеклова (Москва)
_cМ.
_d1931-
_fАкад. наук СССР
_nИзд-во Акад. наук СССР
_tТруды Математического института имени В.А. Стеклова
_x0371-9685
_v49
700 1 _aХинчин
_bА.Я.
_4070
801 1 _aRU
_bInfoComm
_c20040416
801 0 _aRU
_bNLR
_gPSBO
852 _aNLR
_jП7/248
942 _cISSUE
980 _aNB
980 _aRUSPER